Big book of games and activities for young children. (Record no. 54560)
[ view plain ]
| 000 -LEADER | |
|---|---|
| fixed length control field | 00992cam a2200313Ki 4500 |
| 001 - CONTROL NUMBER | |
| control field | 56501166 |
| 005 - DATE AND TIME OF LATEST TRANSACTION | |
| control field | 20251002141126.0 |
| 008 - FIXED-LENGTH DATA ELEMENTS--GENERAL INFORMATION | |
| fixed length control field | 040914t20022002caua 001 0 eng d |
| 020 ## - INTERNATIONAL STANDARD BOOK NUMBER | |
| International Standard Book Number | 0830728821 |
| 035 ## - SYSTEM CONTROL NUMBER | |
| System control number | (OCoLC)ocm56501166 |
| 035 ## - SYSTEM CONTROL NUMBER | |
| System control number | (OCoLC)56501166 |
| 035 ## - SYSTEM CONTROL NUMBER | |
| System control number | 662334 |
| 040 ## - CATALOGING SOURCE | |
| Original cataloging agency | CDC |
| Language of cataloging | eng |
| Description conventions | rda |
| Transcribing agency | CDC |
| Modifying agency | OCLCQ |
| -- | PTS |
| 049 ## - LOCAL HOLDINGS (OCLC) | |
| Holding library | PTSS |
| 245 00 - TITLE STATEMENT | |
| Title | Big book of games and activities for young children. |
| 246 14 - VARYING FORM OF TITLE | |
| Title proper/short title | Gospel Light's big book of games and activities for young children. |
| 264 #1 - PRODUCTION, PUBLICATION, DISTRIBUTION, MANUFACTURE STATEMENTS | |
| Place of production, publication, distribution, manufacture | Ventura, CA : |
| Name of producer, publisher, distributor, manufacturer | <a href="Gospel Light,">Gospel Light,</a> |
| Date of production, publication, distribution, manufacture | c2002. |
| 300 ## - PHYSICAL DESCRIPTION | |
| Extent | 258 pages : |
| Other physical details | illustrations ; |
| Dimensions | 29 cm. |
| 336 ## - CONTENT TYPE | |
| Content Type Term | text |
| Content Type Code | txt |
| Source | rdacontent. |
| 337 ## - MEDIA TYPE | |
| Media Type Term | unmediated |
| Media Type Code | n |
| Source | rdamedia. |
| 338 ## - CARRIER TYPE | |
| Carrier Type Term | volume |
| Carrier Type Code | nc |
| Source | rdacarrier. |
| 500 ## - GENERAL NOTE | |
| General note | "Reproducible"--Cover. |
| 500 ## - GENERAL NOTE | |
| General note | Includes index. |
| 521 1# - TARGET AUDIENCE NOTE | |
| Target audience note | 003-007 |
| Source | Gospel Light. |
| 650 #0 - SUBJECT ADDED ENTRY--TOPICAL TERM | |
| Topical term or geographic name as entry element | Bible games and puzzles. |
| 650 #0 - SUBJECT ADDED ENTRY--TOPICAL TERM | |
| Topical term or geographic name as entry element | Games in Christian education. |
| 710 2# - ADDED ENTRY--CORPORATE NAME | |
| Corporate name or jurisdiction name as entry element | Gospel Light Publications (Firm) |
| 942 ## - ADDED ENTRY ELEMENTS (KOHA) | |
| Source of classification or shelving scheme | Library of Congress Classification |
| Item type | Books |
| Withdrawn status | Lost status | Source of classification or shelving scheme | Damaged status | Not for loan | Home library | Current library | Shelving location | Date acquired | Inventory number | Total Checkouts | Full call number | Barcode | Date last seen | Price effective from | Koha item type |
|---|---|---|---|---|---|---|---|---|---|---|---|---|---|---|---|
| Library of Congress Classification | BSOP Library | BSOP Library | Reference | 10/02/2025 | 48891 | BV1475.2 B48 2002 | 00061976 | 10/02/2025 | 10/02/2025 | Books |
